| 000 | 00839nam a2200241 a 4500 | ||
|---|---|---|---|
| 001 | 000042315 | ||
| 005 | 20201002040056.0 | ||
| 008 | 131122s1978 sp 000 p spa d | ||
| 020 | _a8401810337 | ||
| 040 |
_aDO-SdBNP _bspa _cBNPHU |
||
| 082 |
_a839.6 _bL935a |
||
| 100 | 1 |
_aLucebert, _d1924-1994 _969370 |
|
| 245 | 1 | 0 |
_aAntología / _cLucebert ; versión y traducción Francisco Carrasquer. |
| 260 |
_aBarcelona : _bPlaza & Janés, _c1978. |
||
| 300 |
_a228 p. ; _c19 cm. |
||
| 490 | 1 | _aSelecciones de poesía universal | |
| 500 | _aIncluye referencias bibliográficas y notas al pie de las páginas | ||
| 650 | 4 |
_aPoesía holandesa _969371 |
|
| 650 | 4 |
_aLiteratura holandesa _922922 |
|
| 700 | 1 | 2 |
_aCarrasquer, Francisco _etr. _969372 |
| 830 | 0 |
_aSelecciones de poesía universal _969369 |
|
| 910 | _aValidado. Control de calidad MFF | ||
| 999 |
_c41804 _d41804 |
||